Principal Biochemical Characteristics of the EC-2 L-asparaginase from Escherichia coli AT

Bibliographic Details
Main Author: Smékal, F. (Author)
Format: Article
Language:English

MARC

LEADER 00000nab a2200000ua 4500
001 vtls010826814
003 SK-MaSNL
005 20260303153704.0
008 230222s1969 xo |||||||||||||||||eng|
035 |a (urnnbn)urn:nbn:sk:snk:ar-a06au9 
035 |a urn:nbn:sk:snk-ab5ss5 
035 |a (uuid)5d11c925-520f-48de-a69b-18f633c3ab37 
040 |a SNKBUCL  |b slo  |c SNKBUCL  |e AACR2 
041 0 |a eng 
044 |a xo  |c SK 
100 1 |a Smékal, F.  |4 aut  |9 1175720 
245 1 0 |a Principal Biochemical Characteristics of the EC-2 L-asparaginase from Escherichia coli AT  |c F. Smékal 
773 0 |t Neoplasma : journal of experimental and clinical oncology  |g Roč. 16, č. 4 (1969), s. 469-470 
958 |a OND 
958 |a EUIPO 
958 |a article5 
999 |c 2029821  |d 2031751